| 000 | 00524nam a2200181 i 4500 | ||
|---|---|---|---|
| 001 | 151074 | ||
| 003 | ES-MaACL | ||
| 005 | 20230906203827.0 | ||
| 007 | t| | ||
| 008 | 071204s1914 fr ||||1| fre d | ||
| 100 | 1 |
_aBérard, Léon. _927824 |
|
| 245 | 1 | 2 |
_aL'appendicite _b: étude clinique et critique / _cpar Léon Bérard..., Paul Vignard. |
| 260 |
_aParis : _bMasson, _c1914. |
||
| 300 |
_aXII, 878 p. ; _c26 cm. |
||
| 650 | 1 | 4 |
_aApendicitis. _99917 |
| 700 | 1 |
_aVignard, Paul. _9114641 |
|
| 852 |
_aES-MaACL _jB-11316 |
||
| 999 |
_c151074 _d151074 |
||